[Event "Ch Europe"]
[Site "masterchessopen.com Plovdiv (Bulgaria)"]
[Date "2012.03.20"]
[Round "1"]
[White "Bosiocic Marin (CRO)"]
[Black "Gaehwiler Gabriel (SUI)"]
[Result "1-0"]
[WhiteElo "2580"]
[BlackElo "2255"]

1.d4 Nf6 2.c4 g6 3.Nc3 Bg7 4.e4 d6 5.f4 O-O 6.Nf3 c5 7.dxc5 Qa5 8.Bd3 Qxc5
9.Qe2 Nc6 10.Be3 Qa5 11.Rc1 Bg4 12.O-O Nd7 13.Qf2 Bxf3 14.gxf3 Nc5 15.Bb1 Na4
16.Nxa4 Qxa4 17.b3 Qa3 18.h4 Qb2 19.Rc2 Qf6 20.Rd2 Bh6 21.e5 dxe5 22.fxe5 Bxe3
23.exf6 Bxf2+ 24.Kxf2 exf6 25.Rd7 Rfd8 26.Rxb7 Rd2+ 27.Ke3 Rh2 28.Be4 Re8
29.Kd3 Ne5+ 30.Kc3 Rxh4 31.Rxa7 Rf4 32.Ra8 Kf8 33.a4 Nd7 34.Rxe8+ Kxe8 35.Rd1
Ke7 36.a5 Nc5 37.Bc6 Na6 38.b4 {#r} 1-0

[Event "It (open)"]
[Site "masterchessopen.com Albena (Bulgaria)"]
[Date "2012.05.27"]
[Round "2"]
[White "Swapnil S Dhopade (IND)"]
[Black "Gaehwiler Gabriel (SUI)"]
[Result "1-0"]
[WhiteElo "2426"]
[BlackElo "2260"]

1.d4 Nf6 2.c4 g6 3.Nc3 Bg7 4.e4 d6 5.f4 O-O 6.Nf3 c5 7.dxc5 Qa5 8.Bd3 Qxc5
9.Qe2 Nc6 10.Be3 Qa5 11.Rc1 Bg4 12.O-O Nd7 13.Qf2 Bxf3 14.gxf3 Nc5 15.Bb1 Na4
16.Nxa4 Qxa4 17.Rfd1 Rfd8 18.Kh1 Qb4 19.b3 Qa3 20.f5 a5 21.f4 a4 22.bxa4 Qb2
23.Rc2 Qf6 24.Rcd2 Qc3 25.Rc2 Qf6 26.Bc1 gxf5 27.exf5 Kh8 28.Rcd2 Rxa4 29.c5
Rd4 30.Rxd4 Nxd4 31.cxd6 Nxf5 32.Qc2 e6 33.Qc7 Qh4 34.Bxf5 exf5 35.Qxb7 Qh5
36.Qd5 Bf6 37.Be3 Qe2 38.Bb6 Rg8 39.d7 Bd8 40.Bxd8 Rxd8 41.Qd4+ Kg8 42.Rg1+
Kf8 43.Qd6+ {#r} 1-0

[Event "It (open)"]
[Site "masterchessopen.com Liptovsky Mikulas (Slovakia)"]
[Date "2012.06.25"]
[Round "6"]
[White "Koziol Kamil"]
[Black "Bartek Ladislav (SVK)"]
[Result "1-0"]
[WhiteElo "1875"]
[BlackElo "2050"]

1.d4 Nf6 2.c4 g6 3.Nc3 Bg7 4.e4 d6 5.f4 O-O 6.Nf3 c5 7.dxc5 Qa5 8.Bd3 Qxc5
9.Qe2 Nc6 10.Be3 Qa5 11.O-O Bg4 12.h3 Bxf3 13.Qxf3 Nd7 14.Rac1 Nc5 15.Bb1 Na4
16.Nxa4 Qxa4 17.b3 Qa3 18.Rcd1 a5 19.Qe2 a4 20.Rd3 axb3 21.Rxb3 Nd4 22.Bxd4
Bxd4+ 23.Kh1 Qa6 24.Rd1 Bg7 25.Rd5 Rfc8 26.Rdb5 Rc7 27.a3 Bh6 28.Qf1 Qc6
29.Bd3 Ra4 30.c5 dxc5 31.Rb6 Qxb6 32.Rxb6 Rxa3 33.Bc4 Rc3 34.Bd5 e5 35.Qa1
{#r} 1-0

[Event "Ch Philippines"]
[Site "masterchessopen.com Boracay Island (Philippines)"]
[Date "2012.07.17"]
[Round "4"]
[White "Pascua Haridas (PHI)"]
[Black "Nava Roderick (PHI)"]
[Result "1/2-1/2"]
[WhiteElo "2310"]
[BlackElo "2397"]

1.d4 Nf6 2.c4 g6 3.Nc3 Bg7 4.e4 d6 5.f4 O-O 6.Nf3 c5 7.dxc5 Qa5 8.Bd3 Qxc5
9.Qe2 Nc6 10.Be3 Qa5 11.O-O Ng4 12.Bd2 Nd4 13.Nxd4 Bxd4+ 14.Kh1 Qh5 15.h3 Nf6
16.Qxh5 Nxh5 17.Kh2 Bd7 18.g4 Ng7 19.Ne2 Ne6 20.Nxd4 Nxd4 21.Bc3 Nc6 22.g5
Rfc8 23.Rad1 Be8 24.Rd2 a5 25.b3 a4 26.Rc1 axb3 27.axb3 Ra3 28.Rb2 Rca8 29.Bb1
Na5 30.Bxa5 R8xa5 31.Kg2 Rc5 32.Kf2 b5 33.Bd3 Bd7 34.Bf1 {#d} 1/2-1/2

[Event "It (cat.2)"]
[Site "masterchessopen.com Mislata (Spain)"]
[Date "2012.08.13"]
[Round "1"]
[White "Garcia Martinez Silvino (CUB)"]
[Black "Navarrete Espi Samuel (ESP)"]
[Result "1-0"]
[WhiteElo "2319"]
[BlackElo "2197"]

1.d4 Nf6 2.c4 g6 3.Nc3 Bg7 4.e4 d6 5.f4 O-O 6.Nf3 c5 7.dxc5 Qa5 8.Bd3 Qxc5
9.Qe2 Nc6 10.Be3 Qa5 11.Rc1 e5 12.a3 Bg4 13.O-O exf4 14.Bxf4 Nd4 15.Qf2 Nxf3+
16.gxf3 Bh3 17.Rfd1 Nh5 18.Bxd6 Qg5+ 19.Kh1 Bd4 20.Qe2 Rfd8 21.Rg1 Bxg1
22.Rxg1 Qh4 23.e5 Be6 24.Be4 Rd7 25.c5 f5 26.Bd5 Re8 27.Qb5 Qd8 28.Bxb7 f4
29.c6 Ng3+ 30.hxg3 Qg5 31.cxd7 Qh5+ 32.Kg2 Qh3+ 33.Kf2 Qh2+ 34.Rg2 fxg3+
35.Ke3 {#r} 1-0

[Event "Ch India"]
[Site "masterchessopen.com Kolkata (India)"]
[Date "2012.10.05"]
[Round "5"]
[White "Swapnil S Dhopade (IND)"]
[Black "Venkatesh M R (IND)"]
[Result "1/2-1/2"]
[WhiteElo "2459"]
[BlackElo "2511"]

1.d4 Nf6 2.c4 g6 3.Nc3 Bg7 4.e4 d6 5.f4 O-O 6.Nf3 c5 7.dxc5 Qa5 8.Bd3 Qxc5
9.Qe2 Nc6 10.Be3 Qa5 11.Rc1 Bg4 12.O-O Nh5 13.Qd2 Bxf3 14.Rxf3 Bd4 15.Kh1 Bxe3
16.Qxe3 Qc5 17.Qd2 Rac8 18.Bf1 Nf6 19.g3 Nd4 20.Rd3 e5 21.Bh3 Rc7 22.Rf1 Rc6
23.Nd5 Nxe4 24.Qe3 f5 25.Ne7+ Kg7 26.Nxc6 bxc6 27.fxe5 dxe5 28.Bg2 Nf6 29.b4
Qxc4 30.Rc1 Qb5 31.Rxd4 exd4 32.Qxd4 Qa4 33.Bxc6 Qxa2 34.Ra1 Qe6 35.Rxa7+ Kh6
36.b5 Qe1+ 37.Kg2 Rd8 38.Qxd8 Qe2+ 39.Kg1 Qe1+ {#d} 1/2-1/2